Máscaras (Record no. 10286)
[ view plain ]
| 000 -CABECERA | |
|---|---|
| campo de control de longitud fija | 00832nam a2200229 a 4500 |
| 001 - NÚMERO DE CONTROL | |
| campo de control | BRL_1476 |
| 005 - FECHA Y HORA DE LA ÚLTIMA TRANSACCIÓN | |
| campo de control | 20190320211226.0 |
| 008 - DATOS DE LONGITUD FIJA--INFORMACIÓN GENERAL | |
| campo de control de longitud fija | 230114s1981----mx-o######---#000-0#spa-# |
| 020 ## - NÚMERO INTERNACIONAL ESTÁNDAR DEL LIBRO | |
| Número Internacional Estándar del Libro | 9685800987 |
| 041 ## - CÓDIGO DE LENGUA | |
| Código de lengua del texto/banda sonora o título independiente | spa |
| Código de lengua original | fre ; eng |
| 044 ## - CÓDIGO DEL PAÍS DE LA ENTIDAD EDITORA/PRODUCTORA | |
| Código MARC del país | mx |
| 050 #4 - SIGNATURA TOPOGRÁFICA DE LA BIBLIOTECA DEL CONGRESO | |
| Número de clasificación | GT1748.M6 |
| Número de documento/Ítem | .M37 1981 |
| 245 10 - MENCIÓN DE TÍTULO | |
| Título | Máscaras |
| Resto del título | Museo Universitario de Ciencias y Arte, mayo de 1981 |
| 260 ## - PUBLICACIÓN, DISTRIBUCIÓN, ETC. | |
| Lugar de publicación, distribución, etc. | México |
| Nombre del editor, distribuidor, etc. | Coordinación de Humanidades, Centro de Investigación y Servicios Museológicos, Universidad Nacional Autónoma de México |
| Fecha de publicación, distribución, etc. | 1981 |
| 300 ## - DESCRIPCIÓN FÍSICA | |
| Extensión | 119 p. |
| Otras características físicas | il. |
| Dimensiones | 25 cm. |
| 500 ## - NOTA GENERAL | |
| Nota general | Au1752 |
| 500 ## - NOTA GENERAL | |
| Nota general | Texto en: español, francés e inglés |
| 650 14 - PUNTO DE ACCESO ADICIONAL DE MATERIA--TÉRMINO DE MATERIA | |
| Término de materia o nombre geográfico como elemento de entrada | Máscaras |
| Subdivisión de forma | Exposiciones |
| Subdivisión geográfica | México |
| 9 (RLIN) | 23518 |
| 710 2# - PUNTO DE ACCESO ADICIONAL--NOMBRE DE ENTIDAD CORPORATIVA | |
| Nombre de entidad corporativa o nombre de jurisdicción como elemento de entrada | Centro Universidad Nacional Autónoma de México |
| Unidad subordinada | Museo Universitario de Ciencias y Arte |
| 9 (RLIN) | 27040 |
| 902 ## - CATALOGADOR | |
| Iniciales | GRL |
| 942 ## - ELEMENTOS DE PUNTO DE ACCESO ADICIONAL (KOHA) | |
| Fuente del sistema de clasificación o colocación | Library of Congress Classification |
| Tipo de ítem Koha | Libros |
| Estado de retiro | Estado de pérdida | Estado dañado | No para préstamo | Localización permanente | Ubicación/localización actual | Fecha de adquisición | Número de inventario | Total de préstamos | Signatura topográfica completa | Código de barras | Fecha visto por última vez | Precio válido a partir de | Tipo de ítem Koha |
|---|---|---|---|---|---|---|---|---|---|---|---|---|---|
| El ejemplar forma parte de la colección y puede ser consultado según las políticas vigentes. | Biblioteca Centro de Estudios Ruth D. Lechuga | Biblioteca Centro de Estudios Ruth D. Lechuga | 23/01/2014 | Au1752 | GT1748.M6 .M37 1981 (Au1752) | GRL01637 | 22/03/2019 | 22/03/2019 | Libros |